<?xml version="1.0" encoding="UTF-8"?>
<record
    xmlns:xsi="http://www.w3.org/2001/XMLSchema-instance"
    xsi:schemaLocation="http://www.loc.gov/MARC21/slim http://www.loc.gov/standards/marcxml/schema/MARC21slim.xsd"
    xmlns="http://www.loc.gov/MARC21/slim">

  <leader>01785nam0a2200313   4500</leader>
  <controlfield tag="001">RU\NLR\bibl\1757796</controlfield>
  <controlfield tag="005">20260409063430.0</controlfield>
  <datafield tag="010" ind1=" " ind2=" ">
    <subfield code="a">978-5-370-02282-1</subfield>
    <subfield code="9">4000</subfield>
  </datafield>
  <datafield tag="021" ind1=" " ind2=" ">
    <subfield code="a">RU</subfield>
    <subfield code="b">2011-23146</subfield>
    <subfield code="9">1636</subfield>
  </datafield>
  <datafield tag="035" ind1=" " ind2=" ">
    <subfield code="a">(NLR Aleph) 001748624</subfield>
  </datafield>
  <datafield tag="090" ind1=" " ind2=" ">
    <subfield code="a">1504657</subfield>
    <subfield code="c">1504657</subfield>
  </datafield>
  <datafield tag="100" ind1=" " ind2=" ">
    <subfield code="a">20110412d2011    |||y0rusy50      ca</subfield>
  </datafield>
  <datafield tag="101" ind1="0" ind2=" ">
    <subfield code="a">rus</subfield>
  </datafield>
  <datafield tag="102" ind1=" " ind2=" ">
    <subfield code="a">RU</subfield>
  </datafield>
  <datafield tag="105" ind1=" " ind2=" ">
    <subfield code="a">y   |||||||||</subfield>
  </datafield>
  <datafield tag="200" ind1="1" ind2=" ">
    <subfield code="a">&#x413;&#x440;&#x430;&#x436;&#x434;&#x430;&#x43D;&#x441;&#x43A;&#x438;&#x439; &#x43F;&#x440;&#x43E;&#x446;&#x435;&#x441;&#x441;&#x443;&#x430;&#x43B;&#x44C;&#x43D;&#x44B;&#x439; &#x43A;&#x43E;&#x434;&#x435;&#x43A;&#x441; &#x420;&#x43E;&#x441;&#x441;&#x438;&#x439;&#x441;&#x43A;&#x43E;&#x439; &#x424;&#x435;&#x434;&#x435;&#x440;&#x430;&#x446;&#x438;&#x438;</subfield>
    <subfield code="e">[&#x43E;&#x444;&#x438;&#x446;&#x438;&#x430;&#x43B;&#x44C;&#x43D;&#x44B;&#x439; &#x442;&#x435;&#x43A;&#x441;&#x442;</subfield>
    <subfield code="e">&#x43F;&#x43E; &#x441;&#x43E;&#x441;&#x442;&#x43E;&#x44F;&#x43D;&#x438;&#x44E; &#x43D;&#x430; 7 &#x444;&#x435;&#x432;&#x440;&#x430;&#x43B;&#x44F; 2011 &#x433;.</subfield>
    <subfield code="e">&#x43F;&#x440;&#x438;&#x43D;&#x44F;&#x442; &#x413;&#x43E;&#x441;&#x443;&#x434;&#x430;&#x440;&#x441;&#x442;&#x432;&#x435;&#x43D;&#x43D;&#x43E;&#x439; &#x414;&#x443;&#x43C;&#x43E;&#x439; 23 &#x43E;&#x43A;&#x442;&#x44F;&#x431;&#x440;&#x44F; 2002 &#x433;&#x43E;&#x434;&#x430;</subfield>
    <subfield code="e">&#x43E;&#x434;&#x43E;&#x431;&#x440;&#x435;&#x43D; &#x421;&#x43E;&#x432;&#x435;&#x442;&#x43E;&#x43C; &#x424;&#x435;&#x434;&#x435;&#x440;&#x430;&#x446;&#x438;&#x438; 30 &#x43E;&#x43A;&#x442;&#x44F;&#x431;&#x440;&#x44F; 2002 &#x433;&#x43E;&#x434;&#x430;</subfield>
    <subfield code="e">&#x43F;&#x43E;&#x434;&#x43F;&#x438;&#x441;&#x430;&#x43D; &#x41F;&#x440;&#x435;&#x437;&#x438;&#x434;&#x435;&#x43D;&#x442;&#x43E;&#x43C; &#x420;&#x424; 14 &#x43D;&#x43E;&#x44F;&#x431;&#x440;&#x44F; 2002 &#x433;&#x43E;&#x434;&#x430; N&#xB0; 138-&#x424;&#x417;</subfield>
    <subfield code="e">(&#x432; &#x440;&#x435;&#x434;. &#x424;&#x435;&#x434;&#x435;&#x440;&#x430;&#x43B;&#x44C;&#x43D;&#x44B;&#x445; &#x437;&#x430;&#x43A;&#x43E;&#x43D;&#x43E;&#x432; &#x43E;&#x442; 30.06.2003 N&#xB0; 86-&#x424;&#x417; ... &#x43E;&#x442; 21.04.2010 N&#xB0; 10-&#x41F;)]</subfield>
  </datafield>
  <datafield tag="210" ind1=" " ind2=" ">
    <subfield code="a">&#x41C;&#x43E;&#x441;&#x43A;&#x432;&#x430;</subfield>
    <subfield code="c">&#x41E;&#x43C;&#x435;&#x433;&#x430;-&#x41B;</subfield>
    <subfield code="d">2011</subfield>
  </datafield>
  <datafield tag="215" ind1=" " ind2=" ">
    <subfield code="a">160 &#x441;.</subfield>
    <subfield code="d">20</subfield>
  </datafield>
  <datafield tag="225" ind1="1" ind2=" ">
    <subfield code="a">&#x41A;&#x43E;&#x434;&#x435;&#x43A;&#x441;&#x44B; &#x420;&#x43E;&#x441;&#x441;&#x438;&#x439;&#x441;&#x43A;&#x43E;&#x439; &#x424;&#x435;&#x434;&#x435;&#x440;&#x430;&#x446;&#x438;&#x438;</subfield>
  </datafield>
  <datafield tag="604" ind1=" " ind2=" ">
    <subfield code="1">71001$a&#x420;&#x43E;&#x441;&#x441;&#x438;&#x439;&#x441;&#x43A;&#x430;&#x44F; &#x424;&#x435;&#x434;&#x435;&#x440;&#x430;&#x446;&#x438;&#x44F;</subfield>
    <subfield code="1">50011$a&#x413;&#x440;&#x430;&#x436;&#x434;&#x430;&#x43D;&#x441;&#x43A;&#x438;&#x439; &#x43F;&#x440;&#x43E;&#x446;&#x435;&#x441;&#x441;&#x443;&#x430;&#x43B;&#x44C;&#x43D;&#x44B;&#x439; &#x43A;&#x43E;&#x434;&#x435;&#x43A;&#x441;$2nlr_sh2$3RU\NLR\AUTH\661262192</subfield>
    <subfield code="a">&#x420;&#x43E;&#x441;&#x441;&#x438;&#x439;&#x441;&#x43A;&#x430;&#x44F; &#x424;&#x435;&#x434;&#x435;&#x440;&#x430;&#x446;&#x438;&#x44F;</subfield>
    <subfield code="t">&#x413;&#x440;&#x430;&#x436;&#x434;&#x430;&#x43D;&#x441;&#x43A;&#x438;&#x439; &#x43F;&#x440;&#x43E;&#x446;&#x435;&#x441;&#x441;&#x443;&#x430;&#x43B;&#x44C;&#x43D;&#x44B;&#x439; &#x43A;&#x43E;&#x434;&#x435;&#x43A;&#x441;</subfield>
    <subfield code="9">2086065</subfield>
    <subfield code="3">RU\NLR\AUTH\661262192</subfield>
  </datafield>
  <datafield tag="686" ind1=" " ind2=" ">
    <subfield code="a">&#x425;629.2-324.9(2&#x420;)</subfield>
  </datafield>
  <datafield tag="740" ind1=" " ind2="1">
    <subfield code="a">&#x420;&#x43E;&#x441;&#x441;&#x438;&#x439;&#x441;&#x43A;&#x430;&#x44F; &#x424;&#x435;&#x434;&#x435;&#x440;&#x430;&#x446;&#x438;&#x44F;</subfield>
    <subfield code="t">&#x417;&#x430;&#x43A;&#x43E;&#x43D;&#x44B;</subfield>
    <subfield code="i">&#x413;&#x440;&#x430;&#x436;&#x434;&#x430;&#x43D;&#x441;&#x43A;&#x438;&#x439; &#x43F;&#x440;&#x43E;&#x446;&#x435;&#x441;&#x441;&#x443;&#x430;&#x43B;&#x44C;&#x43D;&#x44B;&#x439; &#x43A;&#x43E;&#x434;&#x435;&#x43A;&#x441;</subfield>
    <subfield code="3">RU\NLR\AUTH\880379477</subfield>
    <subfield code="9">425338</subfield>
  </datafield>
  <datafield tag="801" ind1=" " ind2="0">
    <subfield code="a">RU</subfield>
    <subfield code="b">NLR</subfield>
    <subfield code="c">20110412</subfield>
    <subfield code="g">RCR</subfield>
  </datafield>
  <datafield tag="801" ind1=" " ind2="1">
    <subfield code="a">RU</subfield>
    <subfield code="b">NLR</subfield>
    <subfield code="c">20110412</subfield>
  </datafield>
  <datafield tag="942" ind1=" " ind2=" ">
    <subfield code="c">BOOK</subfield>
  </datafield>
  <datafield tag="980" ind1=" " ind2=" ">
    <subfield code="a">NB</subfield>
  </datafield>
  <datafield tag="980" ind1=" " ind2=" ">
    <subfield code="a">NBR</subfield>
  </datafield>
  <datafield tag="995" ind1=" " ind2=" ">
    <subfield code="5">2011-04-12</subfield>
    <subfield code="a">ad</subfield>
    <subfield code="b">NLR01</subfield>
    <subfield code="c">NLR01</subfield>
    <subfield code="e">RF8</subfield>
    <subfield code="f">3396616</subfield>
    <subfield code="k">2011-3/12215</subfield>
    <subfield code="o">0</subfield>
    <subfield code="r">BOOK</subfield>
    <subfield code="s">2011312215_</subfield>
  </datafield>
  <datafield tag="995" ind1=" " ind2=" ">
    <subfield code="5">2011-04-12</subfield>
    <subfield code="a">ad</subfield>
    <subfield code="b">NLR01</subfield>
    <subfield code="c">NLR01</subfield>
    <subfield code="e">RF8</subfield>
    <subfield code="f">3396617</subfield>
    <subfield code="k">2011-3/12215</subfield>
    <subfield code="o">0</subfield>
    <subfield code="r">BOOK</subfield>
    <subfield code="s">2011312215_</subfield>
  </datafield>
</record>
